000 00257nam a2200109Ia 4500
008 190912s9999||||xx |||||||||||||| ||und||
100 _aDeclan Hayes
245 0 _aJapan The Toothless Tiger
260 _aUSA
_bMcGraw-Hill
_c2001
300 _a174
942 _cBK
999 _c7797
_d7797